Oxford Dictionaries Top 1000 English Words - 34 Start with O - Statistics

General Stats
  • This quiz has been taken 3,962 times
  • The average score is 17 of 34
Answer Stats
O % Correct
On
98%
Of
94%
Or
94%
Off
89%
Over
83%
Out
75%
One
74%
Open
68%
Offer
67%
Other
64%
Own
64%
Old
62%
Order
58%
Only
57%
Our
55%
Once
54%
Often
53%
Oil
48%
Office
46%
Owner
43%
Official
38%
Outside
38%
Officer
35%
Occur
34%
Option
31%
Operation
30%
Opportunity
30%
Opinion
28%
Obtain
26%
Original
24%
Observe
22%
Organize
21%
Organization
18%
Overall
18%
No matching quizzes found
Score Distribution
Percent of People with Each Score
Percentile by Number Answered
Your Score History
You have not taken this quiz